00870naa#a2200181#i#4500001002000000005001700020011001400037100004100051102000700092200018600099210007800285215001000363608004500373675017300418700005200591700003200643856001300675RU\RIOR\bibl\12638020260629103808.1##a2409-6024##a20260530b2026####ek#y0rusy0150####ca##aRU1#aОСОБЕННОСТИ ОЦЕНКИ СТОИМОСТИ ЗЕМЕЛЬ В СИСТЕМЕ УПРАВЛЕНИЯ ЗЕМЕЛЬНЫМИ РЕСУРСАМИeЖурнальная статья1#aМоскваcООО "Издательский Центр РИОР"d2026##a9 с.##aЖурнальная статья2local##aРегиональная, территориальная экономическая политика, планирование и прогнозирование. 332.14#1aКомовgНиколай Васильевич#1aЧанgТхань Хунг4#arusjm.ru